| 000 | 00772 a2200181 4500 | ||
|---|---|---|---|
| 003 | Nust | ||
| 005 | 20221202100352.0 | ||
| 020 | _a81-219-0414-5 | ||
| 040 | _cNust | ||
| 082 | _a539.7,SUB | ||
| 100 |
_aSubrahmanyam, N _9103962 |
||
| 245 |
_aAtomic and Nuclear Physics / _cN. Subrahmanyam |
||
| 260 |
_aNew Delhi _bS . Chand & Co _c2003 |
||
| 300 | _a551:p | ||
| 505 | _aElectron (Page-1), Positive Rays (Page-62), X-Rays And Photo Electricity (Page-84), Radio Activity (Page-141), Particle Accelerators (Page-192), Atomic Structure (Page-206), Nuclear Energy (Page-330), Quantum Physics (Page-373), Special Theory Relativity (Page-453), Statistical Mechanics (Page-503), Crystal Structure (Page-529). | ||
| 650 |
_aNuclear Physics _9259 |
||
| 942 |
_2ddc _cBK _k539.7,SUB |
||
| 999 |
_c183982 _d183982 |
||